| 000 | 00557nam a22002177a 4500 | ||
|---|---|---|---|
| 001 | 00119 | ||
| 003 | DO-SdBNP | ||
| 005 | 20160322094445.0 | ||
| 007 | 00119 | ||
| 008 | 160322b sp 1979 ||||| |||| 00| 0 spa d | ||
| 020 | _a8473740629 | ||
| 040 |
_aBPMSU _bspa _cBPMSU |
||
| 092 |
_axxxxxxxx _bxxxxxxxx |
||
| 100 | 1 | 0 | _aMillard, Anne |
| 245 | 1 | 0 |
_aCruzados aztecas, samurais / _cAnne Millard |
| 260 |
_aMadrid : _bEdiciones Lagos, _c1979. |
||
| 300 |
_a32 p. : _bil., _c28 cm. |
||
| 500 | _aIncluye índice | ||
| 942 |
_2ddc _cBK |
||
| 956 | _aBrenda Tavárez | ||
| 999 |
_c9366 _d9366 |
||